[Event "Hannover-chB"]
[Site "Lehrte"]
[Date "2011.10.17"]
[Round "5"]
[White "Gehrke, Mathias"]
[Black "Neitzel, Christoph"]
[Result "1-0"]
[WhiteElo "1688"]
[BlackElo "1742"]
[PlyCount "63"]
[EventDate "2011.10.15"]
[EventType "swiss"]
[EventRounds "7"]
[EventCountry "GER"]
[SourceTitle "EXT 2021"]
[Source "ChessBase"]
[SourceDate "2020.10.23"]
[SourceVersion "1"]
[SourceVersionDate "2020.10.23"]
[SourceQuality "1"]

1. d4 f5 2. e3 Nf6 3. Nf3 d6 4. c3 Nbd7 5. Ng5 Nb6 6. Qb3 d5 7. c4 h6 8. Nf3 Be6 9. c5 Nc4 10. Bxc4 dxc4 11. Qxb7 Bd5 12. Qb5+ Nd7 13. c6 Nb6 14. Nc3 a6 15. Qa5 Bxc6 16. Qxf5 Bxf3 17. Qg6+ Kd7 18. Qf5+ Ke8 19. Qxf3 g6 20. b3 cxb3 21. axb3 Bg7 22. Qc6+ Kf7 23. Ra5 Qd6 24. Qe4 Qb4 25. Rc5 Qxb3 26. 0-0 Rhc8 27. Rc6 e6 28. Bd2 Qb2 29. Qxe6+ Kf8 30. Bc1 Qb4 31. Qxg6 a5 32. e4 1-0

[Event "Hannover-chB"]
[Site "Lehrte"]
[Date "2011.10.16"]
[Round "3"]
[White "Braun, Alexander"]
[Black "Neitzel, Christoph"]
[Result "1/2-1/2"]
[WhiteElo "1650"]
[BlackElo "1742"]
[PlyCount "64"]
[EventDate "2011.10.15"]
[EventType "swiss"]
[EventRounds "7"]
[EventCountry "GER"]
[SourceTitle "EXT 2021"]
[Source "ChessBase"]
[SourceDate "2020.10.23"]
[SourceVersion "1"]
[SourceVersionDate "2020.10.23"]
[SourceQuality "1"]

1. d4 f5 2. g3 Nf6 3. Bg2 g6 4. b3 Bg7 5. Bb2 0-0 6. c4 d6 7. Nf3 Re8 8. 0-0 Nbd7 9. d5 e5 10. dxe6 Nc5 11. Ng5 h6 12. b4 hxg5 13. bxc5 dxc5 14. Qxd8 Rxd8 15. e7 Re8 16. Nd2 Rxe7 17. Nb3 Rxe2 18. Bxf6 Bxf6 19. Rae1 Rxe1 20. Rxe1 Bd7 21. Bxb7 Re8 22. Rxe8+ Bxe8 23. Bd5+ Bf7 24. Bxf7+ Kxf7 25. Nxc5 Ke7 26. Nd3 Ke6 27. Kg2 Be7 28. Kf3 Kd6 29. Ke2 Bf6 30. Ke3 Kc6 31. f4 gxf4+ 32. gxf4 Kd6 1/2-1/2

[Event "Hannover-chB"]
[Site "Lehrte"]
[Date "2011.10.15"]
[Round "2"]
[White "Neitzel, Christoph"]
[Black "Frese, Immo"]
[Result "1/2-1/2"]
[WhiteElo "1742"]
[BlackElo "1678"]
[PlyCount "63"]
[EventDate "2011.10.15"]
[EventType "swiss"]
[EventRounds "7"]
[EventCountry "GER"]
[SourceTitle "EXT 2021"]
[Source "ChessBase"]
[SourceDate "2020.10.23"]
[SourceVersion "1"]
[SourceVersionDate "2020.10.23"]
[SourceQuality "1"]

1. e4 e6 2. d4 d5 3. Nc3 Nf6 4. Bg5 Be7 5. e5 Nfd7 6. Bxe7 Qxe7 7. f4 a6 8. Nf3 c5 9. Be2 Nc6 10. Rc1 0-0 11. a3 cxd4 12. Nxd4 Nxd4 13. Qxd4 f6 14. exf6 Qxf6 15. Qxf6 Nxf6 16. Bd3 Bd7 17. Ne2 Rae8 18. 0-0 e5 19. fxe5 Rxe5 20. Rcd1 Bg4 21. Rd2 Ne4 22. Bxe4 dxe4 23. Ng3 e3 24. Rd4 Be6 25. Re1 Bd5 26. Re2 b5 27. b3 Rc8 28. Rd3 Bf7 29. Nf1 Rec5 30. Nxe3 Bg6 31. Rd7 Bxc2 32. Rxc2 1/2-1/2

[Event "Hannover-chB"]
[Site "Lehrte"]
[Date "2010.10.10"]
[Round "3"]
[White "Neitzel, Christoph"]
[Black "Engelking, Michael"]
[Result "0-1"]
[WhiteElo "1777"]
[BlackElo "1719"]
[PlyCount "92"]
[EventDate "2010.10.09"]
[EventType "swiss"]
[EventRounds "7"]
[EventCountry "GER"]
[SourceTitle "EXT 2021"]
[Source "ChessBase"]
[SourceDate "2020.10.23"]
[SourceVersion "1"]
[SourceVersionDate "2020.10.23"]
[SourceQuality "1"]

1. e4 e5 2. Nf3 d6 3. Bc4 Be7 4. d4 exd4 5. Nxd4 Nf6 6. Nc3 0-0 7. Bb3 c6 8. 0-0 b5 9. a3 a6 10. Nf3 Bb7 11. Re1 h6 12. h3 c5 13. Bd5 Nxd5 14. Nxd5 Nd7 15. Bf4 Bxd5 16. exd5 Nf6 17. b3 Re8 18. Qd3 Qd7 19. Bh2 Bf8 20. Nh4 Rxe1+ 21. Rxe1 Re8 22. Rxe8 Qxe8 23. Kf1 g6 24. Nf3 Nd7 25. c4 Nb6 26. Nd2 bxc4 27. bxc4 Qa4 28. Ke2 h5 29. g4 hxg4 30. hxg4 Bh6 31. f4 Qd7 32. Kf3 Bg7 33. f5 gxf5 34. gxf5 Qe7 35. Qe4 Qf6 36. Qe8+ Kh7 37. Ne4 Qxf5+ 38. Kg2 Nxc4 39. Nxd6 Nxd6 40. Bxd6 Qxd5+ 41. Kf1 Qxd6 42. Qe4+ Qg6 43. Qh4+ Bh6 44. Qc4 Qf6+ 45. Ke2 Qe5+ 46. Kf3 Qf4+ 0-1

[Event "Hannover-chB"]
[Site "Lehrte"]
[Date "2010.10.09"]
[Round "2"]
[White "Batzdorf, Arne"]
[Black "Neitzel, Christoph"]
[Result "1/2-1/2"]
[WhiteElo "1666"]
[BlackElo "1777"]
[PlyCount "62"]
[EventDate "2010.10.09"]
[EventType "swiss"]
[EventRounds "7"]
[EventCountry "GER"]
[SourceTitle "EXT 2021"]
[Source "ChessBase"]
[SourceDate "2020.10.23"]
[SourceVersion "1"]
[SourceVersionDate "2020.10.23"]
[SourceQuality "1"]

1. e4 e5 2. Nf3 Nc6 3. d4 exd4 4. Bc4 Nf6 5. e5 Ne4 6. Bd5 Nc5 7. 0-0 Be7 8. c3 dxc3 9. Nxc3 0-0 10. Be3 d6 11. Bxc5 dxc5 12. Bxc6 bxc6 13. Qxd8 Rxd8 14. Rac1 Be6 15. Rfd1 Rab8 16. Rxd8+ Rxd8 17. a3 Bf5 18. Kf1 Bd3+ 19. Ke1 c4 20. Nd2 Bg5 21. g3 Bxd2+ 22. Kxd2 Rb8 23. Na4 Rb5 24. f4 Kf8 25. b4 a5 26. Nc5 axb4 27. axb4 Rxb4 28. Nxd3 cxd3 29. Rxc6 Rb2+ 30. Kxd3 Rxh2 31. Ke3 Ra2 1/2-1/2

[Event "Hannover-chB"]
[Site "Lehrte"]
[Date "2010.10.09"]
[Round "1"]
[White "Neitzel, Christoph"]
[Black "Ebbing, Achim"]
[Result "1/2-1/2"]
[WhiteElo "1777"]
[BlackElo "1675"]
[PlyCount "96"]
[EventDate "2010.10.09"]
[EventType "swiss"]
[EventRounds "7"]
[EventCountry "GER"]
[SourceTitle "EXT 2021"]
[Source "ChessBase"]
[SourceDate "2020.10.23"]
[SourceVersion "1"]
[SourceVersionDate "2020.10.23"]
[SourceQuality "1"]

1. e4 c5 2. Nf3 Nc6 3. d4 cxd4 4. Nxd4 g6 5. Nc3 Bg7 6. Be3 d6 7. Be2 Bd7 8. Qd2 Nf6 9. f3 Nxd4 10. Bxd4 0-0 11. h4 h5 12. 0-0-0 Qa5 13. Bc4 Rac8 14. Bb3 Ne8 15. Rdg1 Bxd4 16. Qxd4 Ng7 17. Nd5 Rfe8 18. c3 Qc5 19. Qd2 Be6 20. g4 b5 21. gxh5 Nxh5 22. Rg5 Bxd5 23. Bxd5 e5 24. Rxg6+ Kf8 25. Rg5 Nf4 26. Rd1 b4 27. Kc2 bxc3 28. bxc3 Ne2 29. c4 Nd4+ 30. Kd3 Nxf3 31. Qe3 Qxe3+ 32. Kxe3 Nxg5 33. hxg5 Kg7 34. Rf1 Rf8 35. Rf6 Rcd8 36. Kd3 a5 37. Kc3 Rh8 38. Rxf7+ Kg6 39. Ra7 Rh3+ 40. Kc2 Rh2+ 41. Kb3 Rb8+ 42. Rb7 Rxb7+ 43. Bxb7 Kxg5 44. a3 Rh3+ 45. Ka4 Kf6 46. Kxa5 Rxa3+ 47. Kb4 Rd3 48. Bd5 Ke7 1/2-1/2

[Event "Hannover-ch op"]
[Site "Stadthagen"]
[Date "2009.10.05"]
[Round "5"]
[White "Neitzel, Christoph"]
[Black "Pawelzik, Malte"]
[Result "1/2-1/2"]
[WhiteElo "1774"]
[BlackElo "1744"]
[PlyCount "80"]
[EventDate "2009.10.01"]
[EventType "swiss"]
[EventRounds "7"]
[EventCountry "GER"]
[SourceTitle "EXT 2021"]
[Source "ChessBase"]
[SourceDate "2020.10.23"]
[SourceVersion "1"]
[SourceVersionDate "2020.10.23"]
[SourceQuality "1"]

1. e4 e6 2. d4 d5 3. Nc3 Bb4 4. e5 c5 5. a3 Bxc3+ 6. bxc3 Ne7 7. Qg4 0-0 8. Bd3 Qa5 9. Bd2 Nbc6 10. Nf3 f5 11. exf6 Rxf6 12. Ne5 c4 13. Be2 Ng6 14. Nxc6 bxc6 15. Qg3 c5 16. 0-0 Rf7 17. Bg5 Bd7 18. Bh5 Ba4 19. Rfc1 Raf8 20. Bxg6 hxg6 21. f4 Rb7 22. Qe3 Kf7 23. dxc5 Rc8 24. Rab1 Bb5 25. Re1 Rc6 26. Rbd1 Rd7 27. Ra1 Ba4 28. Re2 Qxc5 29. Qxc5 Rxc5 30. Rb1 Rcc7 31. Rb4 Bc6 32. Re1 Rb7 33. Reb1 a6 34. Kf2 Rb5 35. Rxb5 axb5 36. Ke3 Ra7 37. Ra1 Ke8 38. Kd4 Kd7 39. Ra2 Ra8 40. Ra1 Rf8 1/2-1/2

[Event "Hannover-ch op"]
[Site "Stadthagen"]
[Date "2009.10.03"]
[Round "2"]
[White "Neitzel, Christoph"]
[Black "Kleine, Matthias"]
[Result "1/2-1/2"]
[WhiteElo "1774"]
[BlackElo "1690"]
[PlyCount "46"]
[EventDate "2009.10.01"]
[EventType "swiss"]
[EventRounds "7"]
[EventCountry "GER"]
[SourceTitle "EXT 2021"]
[Source "ChessBase"]
[SourceDate "2020.10.23"]
[SourceVersion "1"]
[SourceVersionDate "2020.10.23"]
[SourceQuality "1"]

1. e4 c5 2. Nf3 d6 3. d4 cxd4 4. Nxd4 Nf6 5. Nc3 g6 6. Be2 Bg7 7. Be3 a6 8. 0-0 0-0 9. Qd2 Bd7 10. Rad1 Nc6 11. f4 Ng4 12. Nxc6 bxc6 13. Bd4 e5 14. Bc5 dxc5 15. Qxd7 Qxd7 16. Rxd7 Ne3 17. Rc1 exf4 18. Na4 Rfd8 19. Rc7 Rd2 20. Bf3 Nxc2 21. Rxc6 Nd4 22. Rb6 c4 23. Rb4 c3 1/2-1/2

[Event "Hannover Region-ch"]
[Site "Hannover"]
[Date "2007.01.13"]
[Round "1"]
[White "Hoffmann, Lukas"]
[Black "Neitzel, Christoph"]
[Result "1-0"]
[WhiteElo "2118"]
[BlackElo "1671"]
[PlyCount "83"]
[EventDate "2007.01.13"]
[EventType "swiss"]
[EventRounds "7"]
[EventCountry "GER"]
[SourceTitle "EXT 2021"]
[Source "ChessBase"]
[SourceDate "2020.10.23"]
[SourceVersion "1"]
[SourceVersionDate "2020.10.23"]
[SourceQuality "1"]

1. e4 e5 2. Nc3 Nc6 3. Nf3 Nf6 4. d4 exd4 5. Nxd4 Bb4 6. Nxc6 bxc6 7. Bd3 Bxc3+ 8. bxc3 Qe7 9. 0-0 0-0 10. Re1 d6 11. Bg5 h6 12. Bh4 Qe5 13. Bg3 Qxc3 14. e5 dxe5 15. Bxe5 Qa5 16. Bxf6 gxf6 17. Qf3 Be6 18. Qe4 f5 19. Qf4 Kh7 20. Re5 Qc3 21. Bxf5+ Bxf5 22. Qxf5+ Kg7 23. Rae1 Rae8 24. Qg4+ Kh7 25. Qe4+ f5 26. Re7+ Rxe7 27. Qxe7+ Kg6 28. Re6+ Rf6 29. Qxf6+ Qxf6 30. Rxf6+ Kxf6 31. f4 Ke6 32. Kf2 Kd5 33. Kf3 Kd4 34. h3 h5 35. g4 hxg4+ 36. hxg4 fxg4+ 37. Kxg4 Kc3 38. f5 Kxc2 39. f6 Kb2 40. f7 Kxa2 41. f8Q a5 42. Qa8 1-0

[Event "Hannover-ch U18"]
[Site "Lehrte"]
[Date "2006.10.15"]
[Round "3"]
[White "Nauel, Marwin"]
[Black "Neitzel, Christoph"]
[Result "1/2-1/2"]
[WhiteElo "1419"]
[BlackElo "1604"]
[PlyCount "37"]
[EventDate "2006.10.14"]
[EventType "swiss"]
[EventRounds "7"]
[EventCountry "GER"]
[SourceTitle "EXT 2021"]
[Source "ChessBase"]
[SourceDate "2020.10.23"]
[SourceVersion "1"]
[SourceVersionDate "2020.10.23"]
[SourceQuality "1"]

1. d4 d5 2. c4 e6 3. Nc3 Nf6 4. Bg5 Be7 5. Nf3 0-0 6. e3 h6 7. Bh4 Nbd7 8. Bd3 dxc4 9. Bxc4 b6 10. 0-0 c5 11. Qc2 Bb7 12. e4 Rc8 13. Rad1 cxd4 14. Rxd4 Rxc4 15. Rxc4 Ba6 16. b3 Bxc4 17. bxc4 Nc5 18. Rd1 Qc7 19. Bg3 1/2-1/2

[Event "Hannover-ch U18"]
[Site "Lehrte"]
[Date "2006.10.15"]
[Round "4"]
[White "Neitzel, Christoph"]
[Black "Schrader, Dennis"]
[Result "1-0"]
[WhiteElo "1604"]
[BlackElo "1407"]
[PlyCount "115"]
[EventDate "2006.10.14"]
[EventType "swiss"]
[EventRounds "7"]
[EventCountry "GER"]
[SourceTitle "EXT 2021"]
[Source "ChessBase"]
[SourceDate "2020.10.23"]
[SourceVersion "1"]
[SourceVersionDate "2020.10.23"]
[SourceQuality "1"]

1. e4 e5 2. Nf3 Nc6 3. Bb5 Nge7 4. 0-0 d6 5. d4 exd4 6. Nxd4 Bd7 7. Nc3 Nxd4 8. Qxd4 Bxb5 9. Nxb5 Nc6 10. Qc3 a6 11. Nd4 Nxd4 12. Qxd4 Qd7 13. a4 0-0-0 14. c4 f6 15. b4 Be7 16. b5 c5 17. Qd5 a5 18. Bd2 Qc7 19. Rfb1 b6 20. Ra3 Qb7 21. Qe6+ Qd7 22. Qd5 Qb7 23. Qe6+ Kb8 24. Rg3 g6 25. Rbb3 Rhe8 26. Rbe3 Qd7 27. Qd5 Bf8 28. Bc3 f5 29. exf5 gxf5 30. Ref3 Bg7 31. Kf1 Bxc3 32. Rxc3 Qe6 33. Qxe6 Rxe6 34. Rge3 Rde8 35. Rxe6 Rxe6 36. f3 Kc7 37. Rd3 Kd7 38. Kf2 f4 39. g3 Rf6 40. Rd5 Ke6 41. g4 h6 42. h4 Ke7 43. g5 hxg5 44. Rxg5 Rf8 45. Rg7+ Rf7 46. Rxf7+ Kxf7 47. Ke2 Ke6 48. Kd3 d5 49. cxd5+ Kxd5 50. h5 Ke6 51. Ke4 Kf6 52. Kxf4 c4 53. Ke4 Kg5 54. Kd4 c3 55. Kxc3 Kxh5 56. Kd4 Kg5 57. Ke5 Kg6 58. Kd6 1-0

[Event "Niedersachsen-ch U16"]
[Site "Rotenburg/Wuemme"]
[Date "2005.03.22"]
[Round "5"]
[White "Neitzel, Christoph"]
[Black "Guennigmann, Laura"]
[Result "1-0"]
[WhiteElo "1554"]
[BlackElo "1487"]
[PlyCount "105"]
[EventDate "2005.03.19"]
[EventType "swiss"]
[EventRounds "9"]
[EventCountry "GER"]
[SourceTitle "EXT 2007"]
[Source "ChessBase"]
[SourceDate "2006.11.23"]
[SourceVersion "1"]
[SourceVersionDate "2006.11.23"]
[SourceQuality "1"]

1. e4 d5 2. exd5 Qxd5 3. Nc3 Qa5 4. Bc4 Nf6 5. d3 c6 6. Nge2 Bf5 7. 0-0 e6 8. Ng3 Bg6 9. Bd2 Qc7 10. f4 Bd6 11. Qf3 Nbd7 12. a3 0-0-0 13. b4 Nb6 14. Bb3 Nbd5 15. Na4 h5 16. c4 Nb6 17. c5 Nxa4 18. Bxa4 Be7 19. f5 h4 20. Bf4 e5 21. fxg6 hxg3 22. Bxg3 fxg6 23. Rae1 Qd7 24. Rxe5 Rhf8 25. Bxc6 Qxc6 26. Qxc6+ bxc6 27. Rxe7 Rd7 28. Bd6 Rxe7 29. Bxe7 Rf7 30. Bxf6 gxf6 31. Kf2 Re7 32. Re1 Rxe1 33. Kxe1 a6 34. Kd2 f5 35. Ke3 Kd7 36. Kf4 Ke6 37. g4 fxg4 38. Kxg4 Kf6 39. d4 Ke6 40. Kg5 Kf7 41. h4 Kg7 42. h5 gxh5 43. Kxh5 Kf6 44. Kg4 Ke6 45. Kf4 Kd5 46. Ke3 Ke6 47. Ke4 Ke7 48. Ke5 Kd7 49. Kf6 Kd8 50. Ke6 Kc7 51. a4 Kc8 52. Kd6 Kb7 53. a5 1-0